Wave physics: oscillations, solitons, chaos
Guardat en:
| Autor principal: | |
|---|---|
| Format: | Llibre |
| Idioma: | anglès |
| Publicat: |
Berlín
Springer
2003
|
| Edició: | 3a. ed |
| Col·lecció: | Advanced Texts in Physics
|
| Matèries: | |
| Etiquetes: |
Afegir etiqueta
Sense etiquetes, Sigues el primer a etiquetar aquest registre!
|
MARC
| LEADER | 00000nam a2200000 a 4500 | ||
|---|---|---|---|
| 001 | UCK2122 | ||
| 003 | CL-VaPUC | ||
| 008 | 041217e20030000GW |||||||||||||||||eng|d | ||
| 020 | |a 3540443142 | ||
| 082 | 0 | 4 | |a 531.1133 |b NET |2 21 |
| 100 | 0 | |a Nettel, Stephen |e author |9 497979 | |
| 245 | 1 | 0 | |a Wave physics: oscillations, solitons, chaos |
| 250 | |a 3a. ed | ||
| 300 | |a 289 p | ||
| 942 | |c BK | ||
| 945 | |d 20041217 00:00:00 |a cmena | ||
| 260 | |a Berlín |b Springer |c 2003 | ||
| 650 | 0 | |a Propagación de ondas |9 263256 | |
| 650 | 0 | |a Ondas |9 260165 | |
| 650 | 0 | |a Ondas electromagnéticas |9 354947 | |
| 583 | |a last modification |c 20041217 00:00:00 |k Rodrigo Vera | ||
| 490 | 0 | |a Advanced Texts in Physics | |
| 999 | |c 315960 |d 315958 | ||
| 952 | |0 0 |1 0 |4 0 |6 531_113300000000000_NET_2003 |7 0 |8 A |9 389867 |a BIBCUR |b BIBCUR |d 2019-11-22 |i 4088689 |l 2 |o 531.1133 NET 2003 |p 4088689 |r 2025-04-22 |s 2025-04-04 |w 2019-11-22 |y BK |k FIS | ||